| 000 | 00380 a2200157 4500 | ||
|---|---|---|---|
| 001 | 192993 | ||
| 020 | _a978-85-16-10224-1 | ||
| 040 | _cMagnum | ||
| 100 | _aMc Donald, Megan | ||
| 240 | 1 | 0 |
_aChiclete e a marcha dos zumbis _lpor |
| 245 | 1 | 0 | _aChiclete e a marcha dos zumbis |
| 300 | _a165 | ||
| 362 | 0 | _a2015 | |
| 697 | _aLITERATURA INFANTO-JUVENIL ESTRANGEIRA | ||
| 942 | _cBK | ||
| 999 |
_c192993 _d192993 |
||